| 000 | 01238cam a2200349 a 4500 | ||
|---|---|---|---|
| 001 | 15032555 | ||
| 003 | OSt | ||
| 005 | 20151216101741.0 | ||
| 008 | 071003s2009 caua 001 0 eng | ||
| 010 | _a 2007938694 | ||
| 020 | _a9789812655028 | ||
| 040 |
_aDLC _cDLC _dDLC |
||
| 050 | 0 | 0 |
_aQD 33.2 _b.M423 2005 |
| 082 |
_aIB 540 _bM39 2005 |
||
| 100 | 1 |
_aMasterton, William L., _d1927- |
|
| 245 | 1 | 0 |
_aChemistry : _bprinciples and reactions / _cWilliam L. Masterton, Cecile N. Hurley. |
| 250 | _a5th ed. | ||
| 260 |
_aSingapore : _bBrooks/Cole, _c2005. |
||
| 300 |
_axxviii, 676 p. : _bill. ; _c25 cm. |
||
| 500 | _aIncludes index. | ||
| 562 | _e2 | ||
| 650 | 0 |
_aChemistry _vTextbooks. |
|
| 700 | 1 | _aHurley, Cecile N. | |
| 856 | 4 | 2 |
_3Contributor biographical information _uhttp://www.loc.gov/catdir/enhancements/fy1104/2007938694-b.html |
| 856 | 4 | 2 |
_3Publisher description _uhttp://www.loc.gov/catdir/enhancements/fy1104/2007938694-d.html |
| 856 | 4 | 1 |
_3Table of contents only _uhttp://www.loc.gov/catdir/enhancements/fy1104/2007938694-t.html |
| 906 |
_a7 _bcbc _corigcop _d3 _encip _f20 _gy-gencatlg |
||
| 942 |
_2lcc _cBK |
||
| 999 |
_c3006 _d3006 |
||